[Event "IECC KO email"]
[Site "IECC email"]
[Date "2001.03.29"]
[Round "?"]
[White "Sebok, Zoltan"]
[Black "Theofel, Heiner"]
[Result "1/2-1/2"]
[WhiteElo "1213"]
[BlackElo "1415"]
[PlyCount "56"]
[EventDate "2001.??.??"]
[EventType "tourn (corr)"]
[EventRounds "6"]
[SourceTitle "Corr 2008"]
[Source "ChessBase"]
[SourceDate "2008.06.24"]
[SourceVersion "1"]
[SourceVersionDate "2008.06.24"]
[SourceQuality "1"]

1. e4 e5 2. Nf3 Nc6 3. Bc4 Nf6 4. d3 Bc5 5. 0-0 d6 6. Bg5 h6 7. Bh4 Bg4 8. h3 Bxf3 9. Qxf3 Nd4 10. Qd1 Qe7 11. Nc3 g5 12. Bg3 h5 13. Na4 a6 14. Nxc5 dxc5 15. c3 Nc6 16. Bd5 Na5 17. Qa4+ c6 18. Bxf7+ Kxf7 19. Qxa5 h4 20. Bh2 g4 21. hxg4 Nxg4 22. f4 Nxh2 23. Kxh2 exf4 24. Rxf4+ Kg6 25. Raf1 Raf8 26. d4 Rxf4 27. Rxf4 Qg5 28. Qc7 Qg3+ 1/2-1/2

[Event "IECC KO email"]
[Site "IECC email"]
[Date "2001.03.29"]
[Round "?"]
[White "Theofel, Heiner"]
[Black "Sebok, Zoltan"]
[Result "0-1"]
[WhiteElo "1448"]
[BlackElo "1186"]
[PlyCount "38"]
[EventDate "2001.??.??"]
[EventType "tourn (corr)"]
[EventRounds "6"]
[SourceTitle "Corr 2008"]
[Source "ChessBase"]
[SourceDate "2008.06.24"]
[SourceVersion "1"]
[SourceVersionDate "2008.06.24"]
[SourceQuality "1"]

1. e4 e5 2. Nf3 Nc6 3. Bc4 h6 4. d4 exd4 5. Nxd4 Bc5 6. Be3 Ne5 7. Bb3 Nf6 8. f3 d5 9. Nc6 Nxc6 10. Bxc5 dxe4 11. Qxd8+ Nxd8 12. Nc3 exf3 13. 0-0 fxg2 14. Kxg2 Ne6 15. Rae1 Bd7 16. a3 0-0-0 17. Be7 Bc6+ 18. Kg1 Ng5 19. Bxd8 Nh3# 0-1

[Event "IECC M email"]
[Site "IECC email"]
[Date "2001.03.20"]
[Round "?"]
[White "Sebok, Zoltan"]
[Black "Azzola, Orazio"]
[Result "1/2-1/2"]
[WhiteElo "1239"]
[BlackElo "1244"]
[PlyCount "63"]
[EventDate "2001.??.??"]
[EventType "tourn (corr)"]
[EventRounds "6"]
[SourceTitle "Corr 2008"]
[Source "ChessBase"]
[SourceDate "2008.06.24"]
[SourceVersion "1"]
[SourceVersionDate "2008.06.24"]
[SourceQuality "1"]

1. e4 e6 2. d4 d5 3. e5 c5 4. c3 Nc6 5. Nf3 Qb6 6. Be2 cxd4 7. cxd4 Nge7 8. Nc3 Nf5 9. Bb5 Bb4 10. Bxc6+ Qxc6 11. Bd2 0-0 12. 0-0 Qb6 13. Na4 Qa5 14. Bxb4 Qxb4 15. b3 b6 16. a3 Qe7 17. Qd3 Bb7 18. Rfc1 Rac8 19. b4 Rc6 20. Rxc6 Bxc6 21. Nb2 Rc8 22. Rc1 Rc7 23. Qc2 a6 24. Na4 b5 25. Nc5 Bb7 26. Qd2 Rc6 27. g4 Nh6 28. h3 Rc7 29. Ng5 Rc8 30. Rc3 Rc6 31. Qf4 Rc7 32. Rf3 1/2-1/2

[Event "IECC M email"]
[Site "IECC email"]
[Date "2001.03.13"]
[Round "?"]
[White "Tan, Jacinto"]
[Black "Sebok, Zoltan"]
[Result "1-0"]
[WhiteElo "1223"]
[BlackElo "1200"]
[PlyCount "23"]
[EventDate "2001.??.??"]
[EventType "tourn (corr)"]
[EventRounds "6"]
[SourceTitle "Corr 2008"]
[Source "ChessBase"]
[SourceDate "2008.06.24"]
[SourceVersion "1"]
[SourceVersionDate "2008.06.24"]
[SourceQuality "1"]

1. d4 d5 2. e4 dxe4 3. Nc3 Nf6 4. f3 exf3 5. Nxf3 Bg4 6. h3 Bh5 7. g4 Bg6 8. Ne5 e6 9. Qf3 c6 10. g5 Ng8 11. Bd3 Ne7 12. Bxg6 1-0

[Event "IECC M email"]
[Site "IECC email"]
[Date "2001.03.07"]
[Round "?"]
[White "Bernier, Denis"]
[Black "Sebok, Zoltan"]
[Result "1-0"]
[WhiteElo "1158"]
[BlackElo "1239"]
[PlyCount "71"]
[EventDate "2001.??.??"]
[EventType "tourn (corr)"]
[EventRounds "6"]
[SourceTitle "Corr 2008"]
[Source "ChessBase"]
[SourceDate "2008.06.24"]
[SourceVersion "1"]
[SourceVersionDate "2008.06.24"]
[SourceQuality "1"]

1. d4 e6 2. e4 d5 3. e5 c5 4. Nf3 cxd4 5. Nxd4 Nf6 6. exf6 Qxf6 7. Be3 Bc5 8. c3 Bd7 9. Nb5 Qe5 10. Qf3 0-0 11. Qf4 Qxf4 12. Bxf4 Bxb5 13. Bxb5 Nc6 14. b4 Be7 15. 0-0 Rac8 16. Nd2 a6 17. Bd3 Bf6 18. Rac1 e5 19. Bg3 e4 20. Be2 Rfe8 21. Bg4 Rcd8 22. Bc7 Ra8 23. f3 e3 24. Nb3 d4 25. cxd4 Nxd4 26. Rfe1 Nxb3 27. axb3 Bd4 28. Rc4 Ba7 29. Kf1 g6 30. f4 Re7 31. Rd1 Rc8 32. Be5 Rce8 33. Ke2 b5 34. Rc6 f5 35. Bf3 Kf8 36. Bd6 1-0